| 000 | 00798nam a2200229 a 4500 | ||
|---|---|---|---|
| 005 | 20151125043506.0 | ||
| 008 | 140114b1997 ck ||||| |||| 00| 0 spa d | ||
| 040 |
_aCO-BoIAVH _cCO-BoIAVH |
||
| 041 | _aspa | ||
| 044 | _ack | ||
| 090 |
_aLB _b00109 |
||
| 110 |
_bInstituto de Hidrología, Meteorología y Estudios Ambientales _942921 |
||
| 245 |
_aEstimación de la necesidad de atender el abastecimiento de agua a la población urbana en Colombia (Fenómeno El Niño 1997-1998) _bvulnerabilidad de las fuentes y de la población urbana por p |
||
| 260 |
_aBogotá _bIDEAM _c1997 |
||
| 300 | _a30 p. | ||
| 650 |
_aFenómeno de El Niño _93883 |
||
| 650 |
_aAgua dulce _942922 |
||
| 650 |
_aRecursos hídricos _942923 |
||
| 650 |
_aAgua potable _942924 |
||
| 662 | _aColombia | ||
| 942 |
_cINFORME _2z |
||
| 999 |
_c129 _d129 |
||